000 00922nam a2200265Ia 4500
003 OSt
005 20221005103918.0
006 a|||||r|||| 00| 0
007 ta
008 221004b |||||||| |||| 00| 0 hin d
020 _a9788170169000 (hbk)
_c375
024 _a121070
037 _b13330, 17/07/2012, Kitab Ghar
_cTextual
040 _aCRL
_cCRL
_bhin
041 _2hin
_ahin
082 _a4, 152Q1
100 _aस्याल, शांति कुमार
245 0 _aबुनियादी पत्रकारिता
246 _aBuniyādī patrakāritā
260 _aदिल्ली
_bकिताब घर भारत
_c2011
300 _a256पृ0
_ccm.
650 _aहिन्दी पत्रकारिता
942 _h4, 152Q1
_cTEXL
_2cc
999 _c1011253
_d1011253